Università più antiche in attività - Statistics

Statistiche generali
  • Questo quiz è stato fatto 127 volte
  • Il punteggio medio è 9 su 20
Statistiche sulle risposte
Nazione attuale Anno inizio attività come Università Università % Corretto
Italia 1088 Università di Bologna
95%
Regno Unito 1167 Università di Oxford
92%
Regno Unito 1209 Università di Cambridge
85%
Italia 1224 Università di Napoli Federico II
84%
Spagna 1293 Università Complutense di Madrid
78%
Portogallo 1288 Università di Lisbona
70%
Italia 1321 Università di Firenze
68%
Italia 1343 Università di Pisa
64%
Austria 1365 Università di Vienna
63%
Italia 1222 Università di Padova
57%
Italia 1303 Università La Sapienza
45%
Italia 1240 Università di Siena
35%
Italia 1361 Università di Pavia
30%
Italia 1308 Università di Perugia
23%
Spagna 1134 Università di Salamanca
21%
Italia 1336 Università degli Studi di Camerino
11%
Italia 1290 Università di Macerata
10%
Spagna 1293 Università di Valladolid
10%
Repubblica Ceca 1348 Università Carolina
3%
Polonia 1364 Università Jagellonica
3%
Nessun quiz corrispondente trovato
Distribuzione punteggi
Percentuale di utenti per punteggio
Percentile per numero di risposta
I tuoi punteggi nel tempo
Non hai fatto questo quiz